00721nam a22001097a 4500008004100000100003000041245011400071260004600185300003200231520030200263773004600565260213b ||||| |||| 00| 0 eng d aNisha, and Goe, Khusboo  aLyla Mehta, Hans Nicolai Adam and shiplap Srivastava, the politics of climate change and uncertainty in India aJournal of Indian Public Administration  a71(4), Dec, 2025: p.864-867 aPathways to Sustainability), 2021, 215 pp., ₹3,466, Routledge. ISBN: 1032190787.- Reproduced https://journals.sagepub.com/doi/full/10.1177/00195561251394171?_gl=1*1yndvuv*_up*MQ..*_ga*MTg0NzIxMzQ5MC4xNzcwOTYzNTkx*_ga_60R758KFDG*czE3NzA5NjM1OTAkbzEkZzAkdDE3NzA5NjM1OTAkajYwJGwwJGg0MzcxNjk5Mjg. aJournal of Indian Public Administration